Brawlhalla weapons by legend - Statistics

General Stats
  • This quiz has been taken 652 times
  • The average score is 46 of 52
Answer Stats
figure weapon Weapon B % Correct
Ada Blasters Spear
98%
Artemis Rocket lance Scythe
93%
Cassidy Hammer Blasters
92%
Asuri Sword Katars
92%
Bödvar Sword Hammer
92%
Azoth Axe Bow
91%
Barraza Axe Blasters
91%
Brynn Axe Spear
91%
Caspian Katars Gauntlets
91%
Ember Bow Katars
90%
Cross Gauntlets Blasters
90%
Fait Orb Scythe
90%
Diana Blasters Bow
89%
Isaiah Blasters Cannon
89%
Orion Rocket Lance Spear
89%
Dusk Spear Orb
89%
Hattori Spear Sword
89%
Queen Nai Spear Katars
89%
Jaeyun Sword Greatsword
89%
Koji Sword Bow
89%
Kor Gauntlets Hammer
88%
Mordex Gauntlets Scythe
88%
Rayman Gauntlets Axe
88%
Gnash Hammer Spear
88%
Petra Orb Gauntlets
88%
Jiro Scythe Sword
88%
Mirage Scythe Spear
88%
Nix Scythe Blasters
88%
Sir Roland Sword Rocket Lance
88%
Lin Fei Cannon Katars
87%
Onyx Gauntlets Cannon
87%
Mako Greatsword Katars
87%
Magyar Hammer Greatsword
87%
Lucien Katars Blasters
87%
Kaya Spear Bow
87%
Jhala Axe Sword
86%
Teros Axe Hammer
86%
Ulgrim Axe Rocket Lance
86%
Ragnir Katars Axe
86%
Thor Orb Hammer
86%
Scarlet Rocket Lance Hammer
86%
Val Sword Gauntlets
86%
Thatch Blasters Sword
85%
Wu Shang Gauntlets Spear
85%
Sentinel Katars Hammer
85%
Vector Rocket Lance Bow
85%
Lord Vraxx Rocket Lance Blasters
85%
Sidra Sword Cannon
85%
Volkov Axe Scythe
83%
Zariel Bow Gauntlets
83%
Xull Cannon Axe
83%
Yumiko Hammer Bow
83%
No matching quizzes found
Score Distribution
Percent of People with Each Score
Percentile by Number Answered
Your Score History
You have not taken this quiz